Mythological Match Quiz Stats

Quiz Updated Jun 2, 2013

Challenge
Share
Tweet
Score 0/15 Timer 04:00
0 Plays Today
% Correct
Poseidon
91.3%
Aphrodite
89.2%
Ares
82.7%
Zeus
82%
Hades
79.9%
Dionysus
76.4%
Apollo
73.9%
Hera
73.8%
% Correct
Hermes
73.5%
Hephaestus
66.5%
Athena
65.4%
Artemis
63.5%
Nike
60.9%
Hestia
50.5%
Demeter
49.7%

You're not logged in!

Compare scores with friends on all Sporcle quizzes.
Join for Free
OR
Log In

You Might Also Like...

Show Comments

Extras

Top Quizzes Today


Score Distribution

Your Account Isn't Verified!

In order to create a playlist on Sporcle, you need to verify the email address you used during registration. Go to your Sporcle Settings to finish the process.

Report this User

Report this user for behavior that violates our Community Guidelines.

Details: